00778 2200265 4500001002100000005001500021035002000036007000300056008004100059020001800100082001600118084002000134084002000154084002000174100001200194245010300206260003400309300003000343700001200373700001300385520007500398990001300473990001300486990001300499INLIS00000000000992620230724043105 a0010-0723000456ta230724 g 0 ind  a9786029186741 a745.5 JAU b a745.5 JAU b C.1 a745.5 JAU b C.2 a745.5 JAU b C.30 aJauhara1 aBeauty Cabochon :b: ragam cabochon cantik dan etnik dengan 4 teknik yang mudah dibuat /cJauhara aSurabaya :bTiara Aksa,c2020 a80 hlm. :bilus ;c21 cm.0 aYanti W0 aRinawati aCabochon merupakan batuan cantik yang memiliki ragam warna yang indah. a023.4950 a023.4948 a023.4949